Quiz o piłkarzach - Statystyki

Ogólne statystyki
  • Ten quiz został rozwiązany 279 razy
  • Średni wynik to 6 z 8
Statystyki odpowiedzi
Obrazkowy Odpowiedź % Poprawnych
Messi
100%
Ronaldo
99%
Mbappe
96%
Lewandowski
91%
Haaland
67%
Neymar Jr
63%
Vini JR
62%
Ronaldinho
39%
Nie znaleziono quizów pasujących do podanych kryteriów
Rozkład punktacji
Procent ludzi z każdym wynikiem
Percentyl według liczby udzielonych odpowiedzi
Twoja historia wyników
Nie rozwiązałeś tego quizu